UBT Library

Analyzing social problems : (Record no. 47370)

000 -LEADER
fixed length control field 00772cam a22002534a 4500
001 - CONTROL NUMBER
control field 3103750
005 - DATE AND TIME OF LATEST TRANSACTION
control field 20180828045640.0
008 - FIXED-LENGTH DATA ELEMENTS--GENERAL INFORMATION
fixed length control field 990413s2000 njua b 000 0 eng
010 ## - LIBRARY OF CONGRESS CONTROL NUMBER
LC control number 99030357
020 ## - INTERNATIONAL STANDARD BOOK NUMBER
International Standard Book Number 0130832286
040 ## - CATALOGING SOURCE
Original cataloging agency DLC
Transcribing agency DLC
Modifying agency DLC
041 ## - LANGUAGE CODE
Language code of text/sound track or separate title eng
042 ## - AUTHENTICATION CODE
Authentication code pcc
043 ## - GEOGRAPHIC AREA CODE
Geographic area code n-us---
080 ## - UNIVERSAL DECIMAL CLASSIFICATION NUMBER
Universal Decimal Classification number 361.1097
082 00 - DEWEY DECIMAL CLASSIFICATION NUMBER
Classification number 361.1097
Edition number 21
100 ## - Rafti
Rafti 51
101 ## - Shkurtesa
Shkurtesa SOC
245 00 - TITLE STATEMENT
Title Analyzing social problems :
Statement of responsibility, etc edited by Dana Dunn and David V. Waller.
504 ## - BIBLIOGRAPHY, ETC. NOTE
Bibliography, etc Includes bibliographical references.
906 ## - LOCAL DATA ELEMENT F, LDF (RLIN)
a 7
b cbc
c orignew
d 1
e ocip
f 19
g y-gencatlg
942 ## - ADDED ENTRY ELEMENTS (KOHA)
Source of classification or shelving scheme
Item type Books
Holdings
Withdrawn status Lost status Source of classification or shelving scheme Damaged status Not for loan Collection code Permanent location Current location Shelving location Date acquired Total Checkouts Full call number Barcode Date last seen Price effective from Koha item type
          Koleksioni i përgjithshem UBT - Lipjan UBT - Lipjan Koleksioni i përgjithshem 08/28/2018   361.1097 DUN 002-3011980 08/28/2018 08/28/2018 Books
UBT Library © 2015-2024. All rights reserved University Education for Business and Technology